<?xml version="1.0" encoding="UTF-8"?>
<record
    xmlns:xsi="http://www.w3.org/2001/XMLSchema-instance"
    xsi:schemaLocation="http://www.loc.gov/MARC21/slim http://www.loc.gov/standards/marcxml/schema/MARC21slim.xsd"
    xmlns="http://www.loc.gov/MARC21/slim">

  <leader>01831nam a22002297a 4500</leader>
  <controlfield tag="003">DO-SdBJH</controlfield>
  <controlfield tag="005">20230517141318.0</controlfield>
  <controlfield tag="008">230404b        |||||||| |||| 00| 0 spa d</controlfield>
  <datafield tag="040" ind1=" " ind2=" ">
    <subfield code="a">DO-SdBJH</subfield>
    <subfield code="b">spa</subfield>
    <subfield code="c">DO-SdBJH</subfield>
  </datafield>
  <datafield tag="090" ind1=" " ind2=" ">
    <subfield code="a">TG EGCEMN</subfield>
    <subfield code="b">01928 2021</subfield>
  </datafield>
  <datafield tag="100" ind1="1" ind2=" ">
    <subfield code="a">Mart&#xED;nez Castillo, Gustavo Antonio</subfield>
    <subfield code="e">sustentante</subfield>
  </datafield>
  <datafield tag="245" ind1="1" ind2="0">
    <subfield code="a">Roles y desaf&#xED;os de la Direcci&#xF3;n General de Dragas, Presas y Balizamiento, Armada de Rep&#xFA;blica Dominicana en el funcionamiento de las presas dominicanas / </subfield>
    <subfield code="c"> Gustavo Antonio Mart&#xED;nez Castillo, asesores Francisco Humberto Ceballos Tejeda, Marisol Magallanes Ynoa</subfield>
  </datafield>
  <datafield tag="260" ind1=" " ind2=" ">
    <subfield code="a">Santo Domingo Este :</subfield>
    <subfield code="b">INSUDE, </subfield>
    <subfield code="c">2021</subfield>
  </datafield>
  <datafield tag="300" ind1=" " ind2=" ">
    <subfield code="a">ix, 52 p&#xE1;ginas, gr&#xE1;ficas, im&#xE1;genes</subfield>
  </datafield>
  <datafield tag="502" ind1=" " ind2=" ">
    <subfield code="a">Tesis (Especialidad en Comando y Estado Mayor Naval). -- Instituto Superior para la Defensa (INSUDE).   Escuela de Graduados de Estudios Superiores Navales, 2021</subfield>
  </datafield>
  <datafield tag="504" ind1=" " ind2=" ">
    <subfield code="a">Incluye referencias bibliogr&#xE1;ficas e &#xED;ndices</subfield>
  </datafield>
  <datafield tag="505" ind1=" " ind2=" ">
    <subfield code="a">Origen y evoluci&#xF3;n de la Direcci&#xF3;n General de Dragas, Presas y Balizamiento de la Armada de Rep&#xFA;blica Dominicana. -- Caracter&#xED;sticas, condiciones e importancia actual de los embalses y vinculaci&#xF3;n con la Direcci&#xF3;n General de Dragas, Presas y Balizamiento de la Armada de Rep&#xFA;blica Dominicana. -- Resultados de la participaci&#xF3;n de la Direcci&#xF3;n General de Dragas, Presas y Balizamiento de la Armada de Rep&#xFA;blica Dominicana en el mantenimiento de los embalses. -- Propuesta de mejora del rol de la Direcci&#xF3;n General de Dragas, Presas y Balizamiento de la Armada de Rep&#xFA;blica Dominicana, en el saneamiento de los embalses.</subfield>
  </datafield>
  <datafield tag="700" ind1="1" ind2=" ">
    <subfield code="4">Ceballos Tejeda, Francisco Humberto </subfield>
    <subfield code="e">asesor</subfield>
  </datafield>
  <datafield tag="710" ind1=" " ind2=" ">
    <subfield code="a">Magallanes Ynoa, Marisol </subfield>
    <subfield code="e">asesor</subfield>
  </datafield>
  <datafield tag="830" ind1=" " ind2=" ">
    <subfield code="a">INSUDE.  &#x201C;Escuela de Graduados de Estudios Superiores Navales&#x201D;.  Tesis y disertaciones acad&#xE9;micas</subfield>
  </datafield>
  <datafield tag="942" ind1=" " ind2=" ">
    <subfield code="2">CL</subfield>
    <subfield code="c">T</subfield>
  </datafield>
  <datafield tag="999" ind1=" " ind2=" ">
    <subfield code="c">7388</subfield>
    <subfield code="d">7388</subfield>
  </datafield>
  <datafield tag="952" ind1=" " ind2=" ">
    <subfield code="0">0</subfield>
    <subfield code="1">0</subfield>
    <subfield code="2">CL</subfield>
    <subfield code="4">0</subfield>
    <subfield code="7">1</subfield>
    <subfield code="8">TG</subfield>
    <subfield code="a">BJHA</subfield>
    <subfield code="b">BJHA</subfield>
    <subfield code="d">2023-04-04</subfield>
    <subfield code="i">21-01928</subfield>
    <subfield code="l">0</subfield>
    <subfield code="o">TG EGCEMN 01928 2021</subfield>
    <subfield code="p">21-01928</subfield>
    <subfield code="r">2023-04-04 00:00:00</subfield>
    <subfield code="t">e.1</subfield>
    <subfield code="w">2023-04-04</subfield>
    <subfield code="y">T</subfield>
  </datafield>
</record>
